Statistics for Countries with the most gamers

Click here to take the quiz!

General Stats

  • This quiz has been taken 13 times
  • The average score is 6 of 10

Answer Stats

Answer% Correct
India
83%
Mexico
75%
Philippines
75%
Indonesia
67%
Vietnam
67%
Saudi Arabia
58%
Taiwan
58%
Thailand
58%
Turkey
50%
UAE
42%

Score Distribution

Percentile by Number Answered

Percent of People with Each Score

Your Score History

You have not taken this quiz